Duden Německý výkladový slovník s českými ekvivalenty

Saved in:
Bibliographic Details
Format: Book
Language:Czech
German
Published: Praha Mladá fronta 1993
Edition:1. vyd.
Subjects:
Tags: Add Tag
No Tags, Be the first to tag this record!

MARC

LEADER 00000nam a2200000 4500
001 c003964
005 20221214083501.5
020 |a 80-204-0392-2 
041 0 |a cze 
041 0 |a ger 
044 |a CZ 
245 1 0 |a Duden  |b Německý výkladový slovník s českými ekvivalenty 
250 |a 1. vyd. 
264 1 |a Praha  |b Mladá fronta  |c 1993 
300 |a 808 s. 
610 2 0 |a terminológia 
610 2 0 |a nemčina 
610 2 0 |a čeština